| 000 | 00772nam a2200193 i 4500 | ||
|---|---|---|---|
| 001 | 140703 | ||
| 003 | ES-MaACL | ||
| 005 | 20230906200132.0 | ||
| 007 | t| | ||
| 008 | 070914s1932 sz |||| | spa d | ||
| 100 | 1 |
_aKoo, V. K. Wellington. _968572 |
|
| 245 | 1 | 3 |
_aLa opinión del Gobierno chino sobre el Informe de la Comisión de Encuesta de la Sociedad de las Naciones por Su Excelencia el Dr. V.K. Wellington Koo / _cpublicado por la Delegación China cerca de la Sociedad de las Naciones. |
| 260 |
_aGinebra : _b[s.n.], _c1932. |
||
| 300 |
_a49 p. ; _c22 cm. |
||
| 650 |
_aJaponeses- _zManchuria. _9153661 |
||
| 651 |
_aManchuria (China, Región)- _xHistoria- _y1931-1945. _9173005 |
||
| 651 | 4 |
_aChina- _xPolítica exterior. _9153660 |
|
| 852 |
_aES-MaACL _j1777-F-20 |
||
| 999 |
_c140703 _d140703 |
||